|
|
|
|
| LEADER |
00000nam a2200000 a 4500 |
| 001 |
vtls001182913 |
| 003 |
SK-MaSNL |
| 005 |
20260301154317.0 |
| 008 |
240315s1995 xo b slo |
| 020 |
|
|
|a 809673931X
|c b.c.
|
| 035 |
|
|
|a SNK000125962
|
| 035 |
|
|
|a urn:nbn:sk:snk-amkeye
|
| 035 |
|
|
|a urn:nbn:sk:snk-am003upm
|
| 035 |
|
|
|a 491E8631-E0DB-4D60-AA88-4BDAE28496AA
|
| 040 |
|
|
|a SNK
|b slo
|c SNK
|e AACR2
|
| 041 |
0 |
|
|a slo
|
| 044 |
|
|
|a xo
|c SK
|
| 080 |
|
|
|a 885.4-32
|2 1981
|
| 080 |
|
|
|a 929 Kraus, D.
|2 1981
|
| 100 |
1 |
|
|a Kraus, Dušan,
|d 1937-2001
|4 aut
|9 227160
|
| 245 |
1 |
0 |
|a Zo zvolenskej mozaiky
|c [autor] Dušan Kraus ; [ilustrácie] Martin Kellenberger
|
| 260 |
|
|
|a Zvolen
|b VYPRA
|c 1995
|
| 300 |
|
|
|a 127 s.
|b 21 cm
|
| 600 |
1 |
|
|a Kraus, Dušan,
|d 1937-2001
|2 SNK
|9 227160
|
| 650 |
0 |
7 |
|a poviedky biografické slovenské
|2 SNK
|9 469660
|
| 700 |
1 |
|
|a Kellenberger, Martin,
|d 1957-
|4 ill
|9 90777
|
| 919 |
|
|
|a 80-967393-1-X
|
| 999 |
|
|
|c 796366
|d 798296
|
| 952 |
|
|
|t P60, <09>, [BOOK], {629}
|a SNK
|b SNK
|y NEVYP
|7 0
|o snkC 507
|i snk997/960311
|0 0
|1 0
|4 0
|d 1996-03-07
|l 0
|r 2005-01-01 00:00:00
|w 2026-02-24
|
| 952 |
|
|
|t P60, <03>, [BOOK], {603}
|a SNK
|b SNK
|y PREZ
|7 0
|p 17A0306038
|o snkSC 90125
|i snkKSP 2709/96
|0 0
|1 0
|4 0
|d 1996-03-07
|f 1
|l 0
|r 2025-09-09 00:00:00
|w 2026-02-24
|
| 952 |
|
|
|a SNK
|b SNK
|y PREZ
|7 0
|p 17A0025705
|o snkSC 90125 D1
|i snkKSP 2710/96
|0 0
|1 0
|4 0
|d 1996-03-07
|l 0
|r 2005-01-01 00:00:00
|w 2026-02-24
|
| 952 |
|
|
|a SNKLM
|b SNKLM
|y NEVYP
|7 0
|o snklmDK 6602 SNKLM
|i snklm2013/235
|8 3
|g 3.70
|0 0
|1 0
|4 0
|d 2014-02-13
|l 0
|r 2026-02-24 01:53:01
|w 2026-02-24
|